000 01427naa a22003377a 4500
001 BR8400186
003 BR-BrBNA
005 20250721154423.0
007 ta
008 250630b bl.|||m| |||| 00| 0 por d
040 _aBR-BrBNA
_bpor
_cBiblioteca Nacional de Agricultura
041 _a(Pt)
072 _aH10
_b0336
_b4020
090 _aH10 BR8400186
100 1 _aMoscardi, F.
100 1 _aCorso, I.C.
111 1 _a2. Seminario Nacional de Pesquisa de Soja
_cBrasilia, DF (Brazil)
_d16 Feb 1981
245 1 _aAcao de baculovirus anticarsia sobre a lagarta da soja (Anticarsia gemmatalis Hubner)e outros lepidopteros [Glycine max]
246 1 _aEffect of Baculovirus Anticarsia on the velvetbean caterpillar (Anticarsia Gemmatalis Hubner)and other Lepidoptera insects [Glycine max]
246 1 _a[Annals of the 2. National Seminar of Soybean Research]
_bv. 2
500 _aAnais do 2. Seminario Nacional de Pesquisa de Soja Londrina, PR (Brasil): 1982. p. 51-57 [18 ref.; Summaries (En, Pt)] (BR8400186-AMS)
773 0 _tAnais do 2. Seminario Nacional de Pesquisa de Soja
_b
_wH10 BR8400186
_gLondrina, PR (Brasil), 1982. p. 51-57
650 _aSOJA
650 _aLAGARTA
650 _aVIRUS
650 _aINFECCAO
650 _aLEPIDOPTERO
490 _aDocumentos - Centro Nacional de Pesquisa de Soja (Brazil)
_vno. 1
_xISSN 0101-5494
942 _cAMS
_2AGRIS
909 _a202506
_bLúcia
_c55
_dLúcia Elande
999 _c334635
_d334635